| 000 | 01018nam a22003017a 4500 | ||
|---|---|---|---|
| 003 | CHAP | ||
| 005 | 20220329135214.0 | ||
| 008 | 971013s1973 r 00010 d | ||
| 010 | _a32582 | ||
| 011 | _a33554 | ||
| 035 | _a37670 | ||
| 040 | _cCHAP | ||
| 090 | _aFolleto 2001 | ||
| 100 | 0 | 0 |
_aNijhuis, H. _981335 |
| 245 | _aComputing simulation of transport patterns of associating macromolecules ; with special attention to the electrophoresis of and B-Casein | ||
| 260 |
_aWageningen : _bVeenman & Zonen, _c1973 |
||
| 300 |
_a56 p. _b; gráfs. |
||
| 490 |
_aMededelingen Landbouwhogeschool _v; 74-2 |
||
| 590 |
_aBATCH-UPD _b10 _c20130110 _lUCH01 _h1637 |
||
| 590 |
_aBATCH-UPD _b10 _c20130410 _lUCH01 _h1029 |
||
| 590 |
_aBATCH-UPD _b10 _c20130914 _lUCH01 _h1256 |
||
| 590 |
_aCONVERSION _b10 _c20130109 _lUCH01 _h1318 |
||
| 650 | 1 | 4 |
_aElectrofóresis. _936236 |
| 830 | 0 |
_aMededelingen Landbouwhogeschool _v; 74-2 _973858 |
|
| 901 | _aBK | ||
| 942 | _cFOLL | ||
| 949 |
_aFolleto 2001 _bBC _cFOLL _d-86307 _eTS1 _i37670 _si |
||
| 999 |
_c32582 _d32582 |
||